000 00334nam a22001337a 4500
008 250304b |||||||| |||| 00| 0 eng d
020 _a97880415537865
050 _aTD418
_b.W38
100 _aCritchley William
245 _aWater Harvesting in Sub-Saharan Africa
260 _aUSA
_bRoutledge
_c2012
300 _axv,201p
942 _cBK
999 _c2089
_d2089